000 01102nam a2200301 n 4500
001 69619
003 Mx-PuUPA
005 20220611102932.0
008 220602s2022 cauad||gr|||| 00| 0 eng d
020 _a9781071817353
_qrústica
040 _aMx-PuUPA
_bspa
_cMx-PuUPA
_dMx-PuUPA
_erda
041 0 _aeng
100 1 _aMarshall, Catherine,
_d1946-
_eautor
_912731
245 1 0 _aDesignig qualitative research /
_cCatherine Marshall, Gretchen B. Rossman, Gerardo L. Blanco
250 _aSeventh edition
264 1 _aThousand Oaks, California :
_bSAGE Publications,
_c©2022
300 _axxi, 320 páginas :
_bilustraciones ;
_c23 cm
336 _2rdacontent
_atexto
_btxt
337 _2rdamedia
_asin medio
_bn
338 _2rdacarrier
_avolumen
_bnc
650 7 _2armarc
_aCiencias sociales
_xInvestigación
_vMetodología
700 1 _aRossman, Gretchen B.,
_eautor
700 1 _aBlanco, Gerardo L.,
_eautor
942 _2ddc
_cLI
_h001.42
_iM298
999 _c69619
_d69619